[Event "San Francisco TNM Fall op"]
[Site "San Francisco"]
[Date "2017.12.19"]
[Round "9"]
[White "Cendejas, Juan"]
[Black "Schneider, Stephen"]
[Result "1-0"]
[WhiteElo "1653"]
[BlackElo "1402"]
[PlyCount "113"]
[EventDate "2017.10.24"]
[EventType "swiss"]
[EventRounds "9"]
[EventCountry "USA"]
[SourceTitle "EXT 2023"]
[Source "ChessBase"]
[SourceDate "2022.10.05"]
[SourceVersion "1"]
[SourceVersionDate "2022.10.05"]
[SourceQuality "1"]

1. e4 c5 2. b4 e5 3. Nf3 d6 4. Bc4 Nc6 5. b5 Nd4 6. c3 Ne6 7. 0-0 Nf6 8. Re1 Be7 9. d4 cxd4 10. cxd4 exd4 11. Nxd4 Nc5 12. Nc3 0-0 13. Bb2 Ng4 14. h3 Ne5 15. Bd5 Ncd3 16. Re2 a6 17. a4 Bh4 18. Nf5 Bxf5 19. exf5 Qg5 20. Bxb7 Qxf5 21. Rxe5 dxe5 22. Bxa8 Rxa8 23. Qe2 Bxf2+ 24. Kh1 axb5 25. Rf1 bxa4 26. Ba3 Rd8 27. Ne4 Nf4 28. Rxf2 Nxe2 29. Rxf5 Rd1+ 30. Kh2 f6 31. Rf2 Nd4 32. Ra2 Nb3 33. Nc3 Rd4 34. Rb2 Nd2 35. Nb5 Rd3 36. Nd6 h6 37. Bb4 Nb3 38. Ra2 g5 39. Rxa4 Kg7 40. Ra7+ Kg6 41. Ra8 Rd4 42. Ba3 e4 43. Re8 Ra4 44. Bb2 Nd2 45. Rg8+ Kh7 46. Rf8 Kg7 47. Rxf6 Kh7 48. Nf5 Nc4 49. Rxh6+ Kg8 50. Bd4 Ra5 51. Rg6+ Kf7 52. Rxg5 Ra6 53. Rg7+ Ke8 54. Re7+ Kd8 55. Rxe4 Nd2 56. Re2 Nf1+ 57. Kg1 1-0

[Event "San Francisco TNM Winter op"]
[Site "San Francisco"]
[Date "2013.02.05"]
[Round "5"]
[White "Cendejas, Juan"]
[Black "Allen, Tom"]
[Result "1-0"]
[WhiteElo "1849"]
[BlackElo "1535"]
[PlyCount "59"]
[EventDate "2013.01.08"]
[EventType "swiss"]
[EventRounds "8"]
[EventCountry "USA"]
[SourceTitle "EXT 2016"]
[Source "ChessBase"]
[SourceDate "2015.10.08"]
[SourceVersion "1"]
[SourceVersionDate "2015.10.08"]
[SourceQuality "1"]

1. e4 e5 2. f4 d5 3. exd5 c6 4. Nf3 e4 5. Ne5 Qxd5 6. Bc4 Qc5 7. d4 Qe7 8. Nxf7 Be6 9. Bxe6 Qxe6 10. Nxh8 Nf6 11. 0-0 Qg8 12. Nc3 Nbd7 13. Qe2 0-0-0 14. a4 Re8 15. Be3 Kb8 16. a5 Bd6 17. Rfb1 Qxh8 18. b4 h5 19. b5 c5 20. dxc5 Bxc5 21. Bxc5 Nxc5 22. Qc4 Qf8 23. a6 b6 24. Nd5 Qf7 25. Nxb6 Qxc4 26. Nxc4 Nd5 27. b6 Nc3 28. bxa7+ Kxa7 29. Rb7+ Nxb7 30. axb7+ 1-0

[Event "San Francisco MI Fall op"]
[Site "San Francisco"]
[Date "2005.11.29"]
[Round "5"]
[White "Parker, Frank"]
[Black "Cendejas, Juan"]
[Result "1-0"]
[WhiteElo "1811"]
[BlackElo "1852"]
[PlyCount "94"]
[EventDate "2005.11.08"]
[EventType "swiss"]
[EventRounds "8"]
[EventCountry "USA"]
[SourceTitle "EXT 2007"]
[Source "ChessBase"]
[SourceDate "2006.11.23"]
[SourceVersion "1"]
[SourceVersionDate "2006.11.23"]
[SourceQuality "1"]

1. d4 d5 2. Nf3 Nf6 3. c4 c6 4. Nc3 e6 5. e3 Nbd7 6. Bd3 dxc4 7. Bxc4 Nb6 8. Bd3 Bd6 9. e4 Bc7 10. 0-0 h6 11. h3 0-0 12. Qe2 Re8 13. e5 Nfd5 14. Qe4 f5 15. Qe2 Nb4 16. Bb1 N6d5 17. a3 Na6 18. Bd2 b5 19. b4 Nb8 20. Rc1 a5 21. Nxd5 Qxd5 22. Ba2 Qd7 23. Qd3 Kh7 24. g4 g6 25. g5 h5 26. Qc2 Bb6 27. Bc3 Bb7 28. Rd1 Qe7 29. h4 c5 30. d5 axb4 31. axb4 exd5 32. Bxd5 Rxa1 33. Bxa1 Rd8 34. Bxb7 Rxd1+ 35. Qxd1 Qxb7 36. bxc5 Bxc5 37. e6 Qe4 38. Be5 Nc6 39. Qd7+ Be7 40. Qe8 Nxe5 41. Qxe7+ Kg8 42. Nxe5 Qe1+ 43. Kg2 Qxe5 44. Qf7+ Kh8 45. Qf8+ Kh7 46. Qh6+ Kg8 47. Qxg6+ Kf8 1-0

[Event "San Francisco David Gee Memorial"]
[Site "San Francisco"]
[Date "2005.10.11"]
[Round "8"]
[White "Cendejas, Juan"]
[Black "Chan, John"]
[Result "0-1"]
[WhiteElo "1851"]
[BlackElo "1644"]
[PlyCount "104"]
[EventDate "2005.08.??"]
[EventType "swiss"]
[EventRounds "8"]
[EventCountry "USA"]
[SourceTitle "EXT 2007"]
[Source "ChessBase"]
[SourceDate "2006.11.23"]
[SourceVersion "1"]
[SourceVersionDate "2006.11.23"]
[SourceQuality "1"]

1. e4 d6 2. d4 Nf6 3. Nc3 e6 4. f4 Be7 5. Nf3 a6 6. Bd3 h6 7. 0-0 Nc6 8. a3 b5 9. Ne2 Bb7 10. Ng3 Rc8 11. c3 Na5 12. Re1 0-0 13. e5 Nd7 14. f5 Bxf3 15. Qxf3 dxe5 16. dxe5 Bc5+ 17. Kh1 Nb3 18. Rb1 Nxc1 19. Rbxc1 c6 20. fxe6 fxe6 21. Qe4 Rf2 22. Qh7+ Kf8 23. Bg6 Nxe5 24. Qh8+ Ke7 25. Qxg7+ Nf7 26. Nf5+ Rxf5 27. Bxf5 Qf8 28. Rxe6+ Kd8 29. Rd1+ Kc7 30. Qg6 Kb6 31. Rd7 a5 32. Be4 Ne5 33. Qf5 Qxf5 34. Bxf5 Nxd7 35. Rxh6 Rf8 36. g4 Ne5 37. Re6 Nc4 38. b4 axb4 39. axb4 Bf2 40. Kg2 Bh4 41. Rh6 Bf6 42. Be4 Ne3+ 43. Kg3 Be5+ 44. Kh3 Rh8 45. Bh7 Bxc3 46. g5 Bxb4 47. g6 Bf8 48. Rh4 Nd5 49. Kg4 Bg7 50. Kf5 Rf8+ 51. Ke6 Kc7 52. Rh3 Rf6+ 0-1